[Event "Ljubljana-chT 75th"]
[Site "Ljubljana"]
[Date "2023.03.23"]
[Round "9.1"]
[White "Jukan, Nesib"]
[Black "Juhant, Igor"]
[Result "1/2-1/2"]
[WhiteElo "1946"]
[BlackElo "1946"]
[PlyCount "51"]
[EventDate "2023.01.12"]
[EventType "team-swiss"]
[EventRounds "9"]
[EventCountry "SLO"]
[SourceTitle "EXT 2024"]
[Source "ChessBase"]
[SourceDate "2023.10.10"]
[SourceVersion "1"]
[SourceVersionDate "2023.10.10"]
[SourceQuality "1"]
[WhiteTeam "Trzin Pekos Pub"]
[BlackTeam "Komenda Popotnik"]
[WhiteTeamCountry "SLO"]
[BlackTeamCountry "SLO"]

1. d4 Nf6 2. Nf3 d5 3. e3 e6 4. c4 c5 5. Nc3 Nc6 6. dxc5 Bxc5 7. cxd5 exd5 8. Be2 0-0 9. 0-0 a6 10. a3 Bf5 11. b4 Ba7 12. b5 axb5 13. Nxb5 Bb8 14. Nbd4 Be4 15. Bb2 Bxf3 16. Nxf3 Ne4 17. Qb3 Qd7 18. Rfd1 Rd8 19. Bb5 Qf5 20. Rac1 Ne5 21. Bxe5 Bxe5 22. Bd3 Bd6 23. a4 Qd7 24. Bb5 Qf5 25. Bd3 Qd7 26. Bb5 1/2-1/2

[Event "Ljubljana-chT 74th"]
[Site "Ljubljana"]
[Date "2022.02.17"]
[Round "6.1"]
[White "Jukan, Nesib"]
[Black "Ocepek, Marjan"]
[Result "1-0"]
[WhiteElo "1938"]
[BlackElo "1597"]
[PlyCount "89"]
[EventDate "2022.01.13"]
[EventType "team-swiss"]
[EventRounds "9"]
[EventCountry "SLO"]
[SourceTitle "EXT 2024"]
[Source "ChessBase"]
[SourceDate "2023.10.10"]
[SourceVersion "1"]
[SourceVersionDate "2023.10.10"]
[SourceQuality "1"]
[WhiteTeam "Trzin Pecos Pub"]
[BlackTeam "Menges Trzin II"]
[WhiteTeamCountry "SLO"]
[BlackTeamCountry "SLO"]

1. d4 Nf6 2. Bg5 d5 3. Nd2 Bf5 4. e3 Nbd7 5. c4 e6 6. Qb3 Be7 7. Bxf6 Nxf6 8. Qxb7 0-0 9. cxd5 exd5 10. Qc6 Rb8 11. Qc1 Bb4 12. Ngf3 Ne4 13. a3 Bd6 14. Be2 Qe7 15. 0-0 a5 16. Rd1 Rb6 17. Nf1 Rfb8 18. Ra2 h6 19. Ng3 Bg6 20. Bd3 f5 21. Qc2 Rb3 22. Nd2 R3b6 23. Nb1 Qd7 24. Rc1 Be8 25. Nc3 Qe6 26. Nxd5 Rc6 27. Nc3 Nxc3 28. bxc3 Bf7 29. c4 Qf6 30. Nxf5 Qg5 31. Nxd6 cxd6 32. Qe2 Bh5 33. Qf1 Rcb6 34. c5 Rc6 35. Rac2 d5 36. Rb1 Rf8 37. Rb6 Rc7 38. Rcb2 Rcc8 39. Bb1 Qg4 40. Qd3 Rc7 41. Qh7+ Kf7 42. Qf5+ Qxf5 43. Bxf5 Kg8 44. Be6+ Kh7 45. Bxd5 1-0

[Event "SLO-chT Central 22nd"]
[Site "Slovenia"]
[Date "2021.10.22"]
[Round "6.2"]
[White "Turek, Lan Timotej"]
[Black "Jukan, Nesib"]
[Result "1/2-1/2"]
[WhiteElo "2031"]
[BlackElo "1965"]
[PlyCount "109"]
[EventDate "2021.09.16"]
[EventType "team-tourn"]
[EventRounds "7"]
[EventCountry "SLO"]
[SourceTitle "EXT 2024"]
[Source "ChessBase"]
[SourceDate "2023.10.10"]
[SourceVersion "1"]
[SourceVersionDate "2023.10.10"]
[SourceQuality "1"]
[WhiteTeam "Domzale SD"]
[BlackTeam "Trzin Buscotrade"]
[WhiteTeamCountry "SLO"]
[BlackTeamCountry "SLO"]

1. Nf3 Nf6 2. g3 d5 3. Bg2 c6 4. 0-0 Nbd7 5. d3 e5 6. Nbd2 Be7 7. Re1 0-0 8. e4 d4 9. Nc4 Qc7 10. Nh4 Nb6 11. Nxb6 axb6 12. Nf5 Be6 13. Nxe7+ Qxe7 14. a3 c5 15. Bg5 h6 16. Bd2 Nd7 17. f4 f6 18. f5 Bf7 19. g4 Kh7 20. Qf3 Rg8 21. h4 Raf8 22. g5 fxg5 23. hxg5 g6 24. Qh3 h5 25. f6 Qe6 26. Qg3 Rh8 27. Bh3 Qd6 28. Re2 Be6 29. Bf5 Bf7 30. Bxd7 Qxd7 31. Qxe5 Kg8 32. Rg2 Re8 33. Qf4 Qb5 34. b3 Qc6 35. Re1 b5 36. b4 b6 37. c3 Rd8 38. cxd4 Rxd4 39. Rg3 Kh7 40. Bc3 Rd7 41. Rc1 Rhd8 42. d4 cxd4 43. Bxd4 Qe6 44. Bf2 Qa2 45. Rc7 Rd1+ 46. Kg2 R1d2 47. Rgc3 Kg8 48. Rc8 Qe6 49. Qxd2 Rxc8 50. Rxc8+ Qxc8 51. Qf4 Qa8 52. Bxb6 Qe8 53. Bc5 Qa8 54. Qe5 Qc8 55. Qf4 1/2-1/2

[Event "SLO-chT Central 21st"]
[Site "Slovenia"]
[Date "2020.10.08"]
[Round "4.1"]
[White "Jukan, Nesib"]
[Black "Baric, Dusan"]
[Result "0-1"]
[WhiteElo "1977"]
[BlackElo "2016"]
[PlyCount "126"]
[EventDate "2020.09.17"]
[EventType "team-swiss"]
[EventRounds "5"]
[EventCountry "SLO"]
[SourceTitle "EXT 2024"]
[Source "ChessBase"]
[SourceDate "2023.10.10"]
[SourceVersion "1"]
[SourceVersionDate "2023.10.10"]
[SourceQuality "1"]
[WhiteTeam "Trzin Pekos Pub"]
[BlackTeam "Visnja Gora Sticna"]
[WhiteTeamCountry "SLO"]
[BlackTeamCountry "SLO"]

1. d4 Nf6 2. Nf3 d6 3. Bg5 g6 4. Nbd2 Bg7 5. e4 Bg4 6. h3 Bxf3 7. Qxf3 c6 8. Bc4 Nbd7 9. 0-0 0-0 10. Qe3 b5 11. Be2 Qb6 12. c4 a5 13. a4 bxc4 14. Nxc4 Qa7 15. Rfd1 Rab8 16. Bf3 Rb4 17. b3 Rfb8 18. Rd3 d5 19. exd5 Nxd5 20. Bxd5 cxd5 21. Ne5 Nxe5 22. dxe5 Qxe3 23. Bxe3 Bxe5 24. Rb1 d4 25. Bd2 Rxa4 26. f4 Bf6 27. Kf2 Ra2 28. Kf3 e5 29. fxe5 Bxe5 30. b4 axb4 31. Rxb4 Rxb4 32. Bxb4 f5 33. Bc5 Ra4 34. g4 Kf7 35. Rb3 Ke6 36. gxf5+ gxf5 37. Ba3 Ra5 38. Rb6+ Kd5 39. Bb4 Ra4 40. Be7 Rc4 41. Rb5+ Ke6 42. Bb4 Rc2 43. Rb6+ Kd5 44. Rb5+ Ke6 45. Ba5 Bd6 46. Rb7 Ra2 47. Be1 Ra3+ 48. Kg2 Re3 49. Bf2 Re2 50. Rxh7 d3 51. Kf3 Re4 52. Be3 Bb4 53. Rg7 Rh4 54. Rg3 d2 55. Ke2 f4 56. Rg6+ Kf5 57. Bf2 Rxh3 58. Rg1 Ke4 59. Rb1 Bc3 60. Rf1 Rh8 61. Bg1 Ra8 62. Bh2 Rf8 63. Rf2 f3+ 0-1

[Event "Ljubljana-chT 73rd"]
[Site "Ljubljana"]
[Date "2020.01.16"]
[Round "1.1"]
[White "Leben, Dusan"]
[Black "Jukan, Nesib"]
[Result "0-1"]
[WhiteElo "1853"]
[BlackElo "1972"]
[PlyCount "158"]
[EventDate "2020.01.16"]
[EventType "team-swiss"]
[EventRounds "6"]
[EventCountry "SLO"]
[SourceTitle "EXT 2024"]
[Source "ChessBase"]
[SourceDate "2023.10.10"]
[SourceVersion "1"]
[SourceVersionDate "2023.10.10"]
[SourceQuality "1"]
[WhiteTeam "Trzin Pekos Pub"]
[BlackTeam "Trzin Buscotrade"]
[WhiteTeamCountry "SLO"]
[BlackTeamCountry "SLO"]

1. e4 e5 2. Nf3 Nf6 3. Nxe5 d6 4. Nf3 Nxe4 5. Nc3 Nxc3 6. dxc3 Nc6 7. Be3 Be7 8. Qd2 Be6 9. 0-0-0 Qd7 10. Kb1 a6 11. h3 0-0-0 12. Nd4 d5 13. Nxc6 Qxc6 14. Be2 Rhe8 15. Rhe1 d4 16. Bf3 dxe3 17. Qxd8+ Bxd8 18. Bxc6 bxc6 19. Rxe3 c5 20. b3 Bf6 21. f4 g6 22. g4 h6 23. c4 Bd4 24. Re2 Bd7 25. Rxe8+ Bxe8 26. Rd3 Bc6 27. g5 h5 28. Rd1 h4 29. a3 Bd7 30. Rd3 Bf5 31. Rf3 Be4 32. Rf1 Bf5 33. Rf3 a5 34. Rf1 a4 35. Kc1 Be3+ 36. Kb2 Be6 37. Rf3 Bd2 38. Rf1 Be3 39. Rf3 Bd4+ 40. Kc1 Bf5 41. Rf1 f6 42. gxf6 Bxf6 43. Rf3 Kd7 44. Kd2 Be4 45. Rf2 Bc6 46. bxa4 Bxa4 47. Rg2 Ke7 48. Rxg6 Bd7 49. Rh6 Bxh3 50. a4 Bc8 51. a5 Bb7 52. Kd3 Kf7 53. f5 Kg7 54. Rg6+ Kf7 55. Rh6 Bc8 56. Ke4 Bb7+ 57. Kf4 Kg7 58. Rg6+ Kf7 59. Rh6 Kg7 60. Rg6+ Kf7 61. Rg1 Ba6 62. Re1 Bxc4 63. Kg4 Bc3 64. Re4 Bb5 65. Kxh4 Bxa5 66. c4 Bd7 67. Re5 Bb4 68. Kg5 Bc6 69. Kg4 Bg2 70. Re2 Bf1 71. Re5 Bxc4 72. Re4 Bd5 73. Re2 c4 74. Rb2 Bd6 75. Rc2 Kf6 76. Rc1 Be5 77. Rc2 c3 78. Re2 c6 79. Re3 c2 0-1

[Event "SLO-chT2 West"]
[Site "Komenda"]
[Date "2018.11.25"]
[Round "7.2"]
[White "Novak, Anze"]
[Black "Jukan, Nesib"]
[Result "1-0"]
[WhiteElo "1670"]
[BlackElo "2018"]
[PlyCount "141"]
[EventDate "2018.11.10"]
[EventType "team-tourn"]
[EventRounds "7"]
[EventCountry "SLO"]
[SourceTitle "EXT 2020"]
[Source "ChessBase"]
[SourceDate "2019.10.17"]
[SourceVersion "1"]
[SourceVersionDate "2019.10.17"]
[SourceQuality "1"]
[WhiteTeam "Komenda SK II"]
[BlackTeam "Trzin"]
[WhiteTeamCountry "SLO"]
[BlackTeamCountry "SLO"]

1. d4 d5 2. c4 e6 3. Nf3 Nf6 4. g3 c6 5. Bg2 Bd6 6. 0-0 0-0 7. Nbd2 Nbd7 8. b3 a6 9. Bb2 b5 10. cxd5 cxd5 11. Ne5 Bb7 12. Ndf3 Rc8 13. Qd3 Qe7 14. a4 b4 15. Nxd7 Nxd7 16. Nd2 Nf6 17. e4 dxe4 18. Nxe4 Nd5 19. Rac1 Qd7 20. Ng5 g6 21. h4 Be7 22. Ne4 Nf6 23. Nxf6+ Bxf6 24. Bxb7 Qxb7 25. Rxc8 Rxc8 26. Rc1 Rd8 27. Qc4 a5 28. Qc5 Qf3 29. Qc4 Qg4 30. Qc7 Qe2 31. Ba1 Qf3 32. Qxa5 Rb8 33. Qc7 Re8 34. Qc6 Qxc6 35. Rxc6 Rd8 36. Rc4 Be7 37. Kf1 Rd5 38. Ke2 f6 39. Bb2 f5 40. Bc1 Rd7 41. Bf4 Bf6 42. Be3 Be7 43. Bf4 Bf6 44. Rxb4 Bxd4 45. Be3 Bf6 46. Rc4 Rb7 47. b4 Bd8 48. Rc8 Rxb4 49. Rxd8+ Kf7 50. Ra8 e5 51. Ra7+ Ke6 52. a5 Re4 53. Kd3 Kd5 54. Bb6 Ra4 55. Rc7 Ra3+ 56. Rc3 e4+ 57. Kd2 Ra2+ 58. Rc2 Ra3 59. Rc5+ Kd6 60. Rc3 Ra2+ 61. Ke3 h6 62. Bc5+ Kd5 63. Ra3 Rb2 64. Bb6 Rc2 65. a6 Rc8 66. a7 Ra8 67. Bd4 g5 68. Ra5+ Kc6 69. hxg5 hxg5 70. Rxf5 Kb7 71. Rxg5 1-0

[Event "SLO-chT2 West"]
[Site "Komenda"]
[Date "2018.11.24"]
[Round "6.1"]
[White "Skoberne, Jure"]
[Black "Jukan, Nesib"]
[Result "1-0"]
[WhiteElo "2572"]
[BlackElo "2018"]
[PlyCount "47"]
[EventDate "2018.11.10"]
[EventType "team-tourn"]
[EventRounds "7"]
[EventCountry "SLO"]
[SourceTitle "EXT 2020"]
[Source "ChessBase"]
[SourceDate "2019.10.17"]
[SourceVersion "1"]
[SourceVersionDate "2019.10.17"]
[SourceQuality "1"]
[WhiteTeam "Posocje"]
[BlackTeam "Trzin"]
[WhiteTeamCountry "SLO"]
[BlackTeamCountry "SLO"]

1. Nf3 Nf6 2. g3 d5 3. Bg2 c6 4. c4 dxc4 5. 0-0 Nbd7 6. Na3 Nb6 7. Qc2 Be6 8. Ng5 Bg4 9. Nxc4 Nxc4 10. Qxc4 e6 11. e4 Be7 12. e5 Nd7 13. Nxf7 Kxf7 14. Qxg4 Nxe5 15. Qh5+ Ng6 16. Re1 Bf6 17. Bh3 Re8 18. Qxh7 Qd5 19. Bg2 Qc5 20. Be4 Ne7 21. Bf3 Rh8 22. Qe4 Rxh2 23. d4 Qa5 24. Qxe6+ 1-0

[Event "SLO-chT Central 19th"]
[Site "Slovenia"]
[Date "2018.09.13"]
[Round "1.1"]
[White "Rojs, Igor"]
[Black "Jukan, Nesib"]
[Result "1-0"]
[WhiteElo "2007"]
[BlackElo "2018"]
[PlyCount "81"]
[EventDate "2018.09.13"]
[EventType "team-tourn"]
[EventRounds "7"]
[EventCountry "SLO"]
[SourceTitle "EXT 2021"]
[Source "ChessBase"]
[SourceDate "2020.10.23"]
[SourceVersion "1"]
[SourceVersionDate "2020.10.23"]
[SourceQuality "1"]
[WhiteTeam "Trzin Buscotrade"]
[BlackTeam "Trzin Buscotrade II"]
[WhiteTeamCountry "SLO"]
[BlackTeamCountry "SLO"]

1. d4 d5 2. Nf3 Nf6 3. c4 e6 4. Nc3 Nbd7 5. Bf4 c6 6. e3 Be7 7. h3 0-0 8. Bd3 dxc4 9. Bxc4 b5 10. Bd3 Bb7 11. 0-0 Re8 12. Rc1 a6 13. Bb1 Nf8 14. Ne5 Ng6 15. Nxg6 hxg6 16. Ne4 Nxe4 17. Bxe4 Rc8 18. a3 Qb6 19. b4 a5 20. Qb3 axb4 21. axb4 g5 22. Be5 Qd8 23. f4 Bf6 24. Rc5 Be7 25. Rc3 Qd7 26. f5 f6 27. fxe6 Qd8 28. Bxf6 Rf8 29. Bxe7 Qxe7 30. Rcc1 c5 31. d5 c4 32. Qc3 Qd6 33. Rcd1 Rcd8 34. Rxf8+ Rxf8 35. Bg6 Rf6 36. Bf7+ Kf8 37. e4 Qf4 38. Qd4 g6 39. d6 Qxe4 40. Qxe4 Bxe4 41. d7 1-0

[Event "SLO-chT Central 1st League 18th"]
[Site "Slovenia"]
[Date "2017.10.05"]
[Round "4.1"]
[White "Turek, Lan Timotej"]
[Black "Jukan, Nesib"]
[Result "1/2-1/2"]
[WhiteElo "1978"]
[BlackElo "2007"]
[PlyCount "197"]
[EventDate "2017.09.14"]
[EventType "team-swiss"]
[EventRounds "9"]
[EventCountry "SLO"]
[SourceTitle "EXT 2022"]
[Source "ChessBase"]
[SourceDate "2021.10.06"]
[SourceVersion "1"]
[SourceVersionDate "2021.10.06"]
[SourceQuality "1"]
[WhiteTeam "Domzale SD"]
[BlackTeam "Trzin Buscotrade II"]
[WhiteTeamCountry "SLO"]
[BlackTeamCountry "SLO"]

1. e4 e5 2. Nf3 Nf6 3. Nxe5 d6 4. Nxf7 Kxf7 5. d4 c5 6. Bc4+ d5 7. exd5 Bd6 8. 0-0 cxd4 9. Qxd4 Bf5 10. Bf4 Qc7 11. Nc3 Qc5 12. Qxc5 Bxc5 13. Rfe1 Nbd7 14. d6+ Kg6 15. Re7 h5 16. Rae1 Kh7 17. Bf7 Bg6 18. Bxg6+ Kxg6 19. b4 Bxb4 20. R1e3 h4 21. Ne4 Rhe8 22. Nxf6 Nxf6 23. Rxb7 Rxe3 24. fxe3 Bc5 25. Kf2 Rd8 26. Kf3 Ne8 27. Be5 Bxd6 28. Bxd6 Rxd6 29. Rxa7 Rc6 30. Ra4 Rxc2 31. Rxh4 Rxa2 32. Rb4 Ra3 33. Rd4 Nf6 34. h3 Kf5 35. Rd8 Ke5 36. Rb8 Rd3 37. Ra8 Rd7 38. Ra5+ Nd5 39. Ra3 Rc7 40. Ra8 Rf7+ 41. Ke2 Re7 42. Kf3 Kf5 43. Ra3 Rf7 44. Rb3 Ke5+ 45. Ke2 Ke4 46. Rb8 Ra7 47. Re8+ Ne7 48. Kf2 Rb7 49. g4 Rb2+ 50. Kg3 Rb7 51. Kf2 Ke5 52. Kf3 Kf6 53. Ra8 Ng6 54. Ra6+ Kf7 55. Ra5 Re7 56. Ra6 Ne5+ 57. Kf4 Nc4 58. e4 Ne5 59. Ra5 Ng6+ 60. Kf3 Ne5+ 61. Kf4 Ng6+ 62. Kf3 Rb7 63. Ra3 Rb1 64. Ra7+ Kg8 65. Ra3 Rh1 66. Kg2 Re1 67. Kf3 Rf1+ 68. Kg3 Ne5 69. Rb3 Nc4 70. Rd3 Re1 71. Kf4 Rf1+ 72. Kg3 Kf7 73. Rc3 Nd6 74. Re3 Ke6 75. Kg2 Rf4 76. Kg3 Ke5 77. Ra3 Rxe4 78. Ra5+ Kf6 79. h4 Rd4 80. Ra6 Ke6 81. Ra7 Nf7 82. Ra6+ Rd6 83. Ra7 g6 84. Ra4 Ke5 85. Ra5+ Kf6 86. Ra4 Rd3+ 87. Kf4 Nd6 88. Rb4 Rc3 89. Ra4 Rc4+ 90. Rxc4 Nxc4 91. g5+ Kg7 92. Kg4 Ne3+ 93. Kf3 Nc4 94. Kg4 Ne5+ 95. Kf4 Nf7 96. Kg4 Nh6+ 97. gxh6+ Kxh6 98. Kf4 Kh5 99. Kg3 1/2-1/2

[Event "SLO-chT2 West"]
[Site "Komenda"]
[Date "2016.11.26"]
[Round "6.1"]
[White "Jukan, Nesib"]
[Black "Beletic, Daniel"]
[Result "0-1"]
[WhiteElo "1996"]
[BlackElo "2303"]
[PlyCount "54"]
[EventDate "2016.11.11"]
[EventType "team-tourn"]
[EventRounds "9"]
[EventCountry "SLO"]
[SourceTitle "EXT 2019"]
[Source "ChessBase"]
[SourceDate "2018.10.10"]
[SourceVersion "1"]
[SourceVersionDate "2018.10.10"]
[SourceQuality "1"]
[WhiteTeam "Trzin"]
[BlackTeam "Ilirska Bistrica Rimex"]
[WhiteTeamCountry "SLO"]
[BlackTeamCountry "SLO"]

1. Nf3 Nf6 2. d4 c5 3. d5 g6 4. c4 b5 5. e3 Bb7 6. Bd3 bxc4 7. Bxc4 Bg7 8. Nc3 0-0 9. 0-0 d6 10. e4 Ba6 11. Bxa6 Nxa6 12. Re1 Nd7 13. Bf4 Rb8 14. Rb1 Rxb2 15. Rxb2 Bxc3 16. Ree2 Bxb2 17. Rxb2 Nb6 18. Bh6 Re8 19. Ng5 Qd7 20. Rb3 Nc7 21. Rh3 f6 22. Qa1 Qa4 23. Rd3 Rb8 24. e5 fxe5 25. Rf3 Nbxd5 26. Rf7 Ne6 27. Rxh7 Qc2 0-1

[Event "SLO-chT2 West"]
[Site "Komenda"]
[Date "2016.11.13"]
[Round "5.1"]
[White "Kodric, Vladimir"]
[Black "Jukan, Nesib"]
[Result "0-1"]
[WhiteElo "1945"]
[BlackElo "1996"]
[PlyCount "78"]
[EventDate "2016.11.11"]
[EventType "team-tourn"]
[EventRounds "9"]
[EventCountry "SLO"]
[SourceTitle "EXT 2019"]
[Source "ChessBase"]
[SourceDate "2018.10.10"]
[SourceVersion "1"]
[SourceVersionDate "2018.10.10"]
[SourceQuality "1"]
[WhiteTeam "Loska Dolina"]
[BlackTeam "Trzin"]
[WhiteTeamCountry "SLO"]
[BlackTeamCountry "SLO"]

1. d4 d5 2. c3 Nf6 3. Bf4 Bf5 4. e3 e6 5. Bd3 Bg6 6. Qc2 Bd6 7. Bg5 Nbd7 8. Nd2 Bxd3 9. Qxd3 c6 10. Ngf3 Qc7 11. Bh4 h6 12. Bg3 c5 13. a3 0-0 14. 0-0 Rad8 15. Rfe1 Bxg3 16. hxg3 e5 17. dxe5 Nxe5 18. Nxe5 Qxe5 19. Nf3 Qe6 20. Rad1 Ne4 21. Nd2 Nf6 22. Qc2 Rd7 23. Nf3 Rfd8 24. Rd2 Ne4 25. Rde2 Rd6 26. c4 dxc4 27. Rc1 b5 28. a4 a6 29. axb5 axb5 30. Ra1 b4 31. Qa4 c3 32. Qa5 Qc4 33. Rc2 Qb3 34. Ne1 cxb2 35. Rb1 Nc3 36. Rbxb2 Qc4 37. Kh2 Rc8 38. Nf3 Ra6 39. Nd2 Qe6 0-1

[Event "SLO-chT2 West"]
[Site "Komenda"]
[Date "2016.11.12"]
[Round "3.1"]
[White "Butala, Marjan"]
[Black "Jukan, Nesib"]
[Result "0-1"]
[WhiteElo "2015"]
[BlackElo "1996"]
[PlyCount "166"]
[EventDate "2016.11.11"]
[EventType "team-tourn"]
[EventRounds "9"]
[EventCountry "SLO"]
[SourceTitle "EXT 2019"]
[Source "ChessBase"]
[SourceDate "2018.10.10"]
[SourceVersion "1"]
[SourceVersionDate "2018.10.10"]
[SourceQuality "1"]
[WhiteTeam "Ljubljana Karel Jeraj"]
[BlackTeam "Trzin"]
[WhiteTeamCountry "SLO"]
[BlackTeamCountry "SLO"]

1. c4 e6 2. d4 d5 3. Nc3 Nf6 4. Bg5 Nbd7 5. e3 c6 6. Nf3 Qa5 7. cxd5 exd5 8. Bd3 Ne4 9. Qc2 Nxg5 10. Nxg5 h6 11. Nf3 Bd6 12. 0-0 0-0 13. e4 dxe4 14. Nxe4 Be7 15. Rfe1 Qd8 16. Rad1 Nf6 17. Ng3 Nd5 18. a3 Bf6 19. Ne5 Nf4 20. Bh7+ Kh8 21. Be4 Ne6 22. Qc3 Qc7 23. Nh5 Ng5 24. Qg3 Bxe5 25. dxe5 g6 26. Nf6 Be6 27. Bc2 Rad8 28. Rd6 Rxd6 29. exd6 Qa5 30. b4 Qb5 31. Qc3 Qc4 32. Qxc4 Bxc4 33. Re7 Rd8 34. d7 Kg7 35. Re8 Ne6 36. Rxd8 Nxd8 37. Ng4 Be6 38. Ne5 Kf6 39. f4 Ke7 40. Kf2 Bxd7 41. Nxd7 Kxd7 42. h4 Kd6 43. Ke3 b6 44. f5 g5 45. hxg5 hxg5 46. Ke4 f6 47. Bb3 a5 48. Bc4 axb4 49. axb4 b5 50. Bd3 Nf7 51. Be2 Ne5 52. Bf1 Nd7 53. Kd4 Kc7 54. Be2 Kb6 55. Bd1 Nb8 56. Bh5 Na6 57. Kc3 c5 58. bxc5+ Kxc5 59. Be8 Nb4 60. Bd7 Nd5+ 61. Kb3 Nf4 62. g4 Nd5 63. Be8 Ne3 64. Bh5 b4 65. Kb2 Nc4+ 66. Kc2 Ne5 67. Kb3 Nc6 68. Bf7 Nd4+ 69. Ka4 Nc6 70. Kb3 Ne5 71. Bh5 Kb5 72. Be8+ Ka5 73. Bh5 Nd3 74. Bf7 Nc5+ 75. Kb2 Kb5 76. Ka2 Kc6 77. Kb2 Kd6 78. Kc2 Ke5 79. Bh5 Kd4 80. Kb2 Ke3 81. Kc2 Kf4 82. Kb2 Nd3+ 83. Kb3 Ne5 0-1

[Event "SLO-chT2 West"]
[Site "Komenda"]
[Date "2016.11.11"]
[Round "1.1"]
[White "Hasanagic, Anel"]
[Black "Jukan, Nesib"]
[Result "1-0"]
[WhiteElo "2219"]
[BlackElo "1996"]
[PlyCount "89"]
[EventDate "2016.11.11"]
[EventType "team-tourn"]
[EventRounds "9"]
[EventCountry "SLO"]
[SourceTitle "EXT 2019"]
[Source "ChessBase"]
[SourceDate "2018.10.10"]
[SourceVersion "1"]
[SourceVersionDate "2018.10.10"]
[SourceQuality "1"]
[WhiteTeam "Jesenice"]
[BlackTeam "Trzin"]
[WhiteTeamCountry "SLO"]
[BlackTeamCountry "SLO"]

1. g3 d5 2. Bg2 Nf6 3. f4 c5 4. Nf3 Nc6 5. d3 g6 6. 0-0 Bg7 7. c3 0-0 8. h3 Qd6 9. Na3 a6 10. g4 e5 11. fxe5 Nxe5 12. Nxe5 Qxe5 13. Bf4 Qe6 14. Qd2 Bd7 15. Rf2 Bc6 16. Raf1 d4 17. c4 Bxg2 18. Kxg2 b5 19. b3 Ra7 20. Kh2 b4 21. Nc2 h5 22. Bg5 Qe5+ 23. Bf4 Qe6 24. Bg5 Qe5+ 25. Kg2 Nh7 26. Bf4 Qe6 27. gxh5 gxh5 28. Kh2 Re8 29. Rg1 Nf8 30. Bg3 Ng6 31. Qg5 h4 32. Bxh4 Qe5+ 33. Kh1 Rae7 34. Qg4 Nxh4 35. Qxh4 Re6 36. Ne1 Qe3 37. Rfg2 Rg6 38. Nf3 Ree6 39. Qd8+ Bf8 40. Qd5 Rxg2 41. Rxg2+ Bg7 42. Qd8+ Re8 43. Qf6 Qc1+ 44. Kh2 Re6 45. Qxg7# 1-0

[Event "Ljubljana-chT 69th 1st League"]
[Site "Ljubljana"]
[Date "2016.04.14"]
[Round "9.1"]
[White "Jazbec, Hinko"]
[Black "Jukan, Nesib"]
[Result "1/2-1/2"]
[WhiteElo "1983"]
[BlackElo "1964"]
[PlyCount "36"]
[EventDate "2016.01.14"]
[EventType "team-tourn"]
[EventRounds "9"]
[EventCountry "SLO"]
[SourceTitle "EXT 2022"]
[Source "ChessBase"]
[SourceDate "2021.10.06"]
[SourceVersion "1"]
[SourceVersionDate "2021.10.06"]
[SourceQuality "1"]
[WhiteTeam "Zagorje ob Savi"]
[BlackTeam "Trzin Buscotrade"]
[WhiteTeamCountry "SLO"]
[BlackTeamCountry "SLO"]

1. e4 e5 2. Nf3 Nf6 3. Nc3 Nc6 4. d4 Bb4 5. Nxe5 Qe7 6. Nxc6 Bxc3+ 7. bxc3 Qxe4+ 8. Be2 dxc6 9. 0-0 0-0 10. Rb1 Re8 11. Bd3 Qh4 12. Qf3 Bg4 13. Qf4 Nd5 14. Qd2 b5 15. a4 a6 16. c4 bxc4 17. Bxc4 Bf5 18. Rb7 Be4 1/2-1/2

[Event "Ljubljana-chT 69th 1st League"]
[Site "Ljubljana"]
[Date "2016.03.10"]
[Round "6.1"]
[White "Jukan, Nesib"]
[Black "Novkovic, Stojan"]
[Result "1-0"]
[WhiteElo "1964"]
[BlackElo "2005"]
[PlyCount "113"]
[EventDate "2016.01.14"]
[EventType "team-tourn"]
[EventRounds "9"]
[EventCountry "SLO"]
[SourceTitle "EXT 2022"]
[Source "ChessBase"]
[SourceDate "2021.10.06"]
[SourceVersion "1"]
[SourceVersionDate "2021.10.06"]
[SourceQuality "1"]
[WhiteTeam "Trzin Buscotrade"]
[BlackTeam "Podpec SD"]
[WhiteTeamCountry "SLO"]
[BlackTeamCountry "SLO"]

1. d4 Nf6 2. Nf3 e6 3. Bg5 d5 4. Nbd2 Be7 5. e3 Nbd7 6. c4 c6 7. Bd3 0-0 8. 0-0 h6 9. Bh4 Nh5 10. Bxe7 Qxe7 11. Rc1 Nhf6 12. e4 dxe4 13. Nxe4 e5 14. Re1 exd4 15. Nxd4 Nxe4 16. Rxe4 Qb4 17. Nb3 Nf6 18. Rf4 Re8 19. a3 Qe7 20. Nd2 Qd6 21. Qf3 Bg4 22. Ne4 Rxe4 23. Rxf6 Re6 24. Rxe6 Qxe6 25. Qe4 Qxe4 26. Bxe4 Re8 27. f3 Be6 28. c5 Rd8 29. g4 Rd2 30. Rc2 Rd1+ 31. Kf2 Bb3 32. Re2 Rc1 33. Re3 Bc2 34. Rc3 Bxe4 35. Rxc1 Bd5 36. Rd1 f5 37. gxf5 Kf7 38. Ke3 Kf6 39. Kf4 b6 40. cxb6 axb6 41. Rd4 b5 42. Rd1 Ke7 43. Rg1 Kf6 44. Rg6+ Kf7 45. b4 Kg8 46. Rg3 Kf7 47. Ke5 Bc4 48. f4 Bd5 49. h4 Bh1 50. Rg6 Bf3 51. Rd6 Bg2 52. Rd7+ Kg8 53. f6 gxf6+ 54. Kxf6 Be4 55. f5 h5 56. Rg7+ Kf8 57. Rh7 1-0

[Event "SLO-chT2 West"]
[Site "Slovenia"]
[Date "2015.11.01"]
[Round "4"]
[White "Skoberne, Jure"]
[Black "Jukan, Nesib"]
[Result "1-0"]
[WhiteElo "2544"]
[BlackElo "1965"]
[PlyCount "79"]
[EventDate "2015.10.17"]
[EventType "team-tourn"]
[EventRounds "7"]
[EventCountry "SLO"]
[SourceTitle "EXT 2019"]
[Source "ChessBase"]
[SourceDate "2018.10.10"]
[SourceVersion "1"]
[SourceVersionDate "2018.10.10"]
[SourceQuality "1"]
[WhiteTeam "Posocje"]
[BlackTeam "Trzin"]
[WhiteTeamCountry "SLO"]
[BlackTeamCountry "SLO"]

1. Nf3 Nf6 2. g3 d5 3. Bg2 c6 4. 0-0 e6 5. d3 Bd6 6. Nbd2 0-0 7. e4 e5 8. h3 Nbd7 9. Nh4 Re8 10. Nf5 Nf8 11. Nxd6 Qxd6 12. Nb3 Be6 13. Be3 b6 14. Bg5 N6d7 15. Qe2 d4 16. f4 f6 17. Bh4 Bxb3 18. axb3 Ng6 19. Qg4 Ndf8 20. Rf2 a5 21. f5 Ne7 22. Qd1 h6 23. Bf3 Nh7 24. Bh5 Rf8 25. g4 Ra7 26. Rg2 Ng5 27. Kh2 Rfa8 28. Be1 Kh8 29. h4 Nh7 30. Bd2 Ng8 31. Qf3 c5 32. Rag1 Qe7 33. Bg6 Nf8 34. g5 Nxg6 35. fxg6 fxg5 36. hxg5 Rf8 37. Qh5 Rf4 38. Bxf4 exf4 39. gxh6 Nxh6 40. Rf1 1-0

[Event "Ljubljana-chT 68th Superliga"]
[Site "Ljubljana"]
[Date "2015.03.19"]
[Round "9.1"]
[White "Krumpak, Hinko"]
[Black "Jukan, Nesib"]
[Result "1/2-1/2"]
[WhiteElo "2123"]
[BlackElo "2010"]
[PlyCount "30"]
[EventDate "2015.01.08"]
[EventType "team-tourn"]
[EventRounds "9"]
[EventCountry "SLO"]
[SourceTitle "EXT 2022"]
[Source "ChessBase"]
[SourceDate "2021.10.06"]
[SourceVersion "1"]
[SourceVersionDate "2021.10.06"]
[SourceQuality "1"]
[WhiteTeam "Visnja Gora Sticna"]
[BlackTeam "Trzin Buscotrade"]
[WhiteTeamCountry "SLO"]
[BlackTeamCountry "SLO"]

1. Nf3 Nf6 2. g3 g6 3. b3 Bg7 4. Bb2 0-0 5. Bg2 Nc6 6. 0-0 b6 7. Ne5 Bb7 8. f4 Rb8 9. Nf3 d5 10. e3 Re8 11. Ne5 a5 12. Nxc6 Bxc6 13. a4 Bb7 14. Be5 Qd7 15. Nc3 Ne4 1/2-1/2